| 000 | 00410nam a2200109Ia 4500 | ||
|---|---|---|---|
| 001 | IA_4088,13/09/2007,13/09/2007,0000001984 mx 0000000000spa00," | ||
| 008 | 220117s xx 000 0 und d | ||
| 010 | _a183472 | ||
| 090 | _aFOLLETO 2414 | ||
| 100 |
_aCentro panamericano de ecología humana y salud _9155658 |
||
| 245 | _aInformación téncnica sobre el agente de control biológico | ||
| 999 |
_c183472 _d183472 |
||